000 00289nam a22000977a 4500
005 20250901165416.0
008 210324b ||||| |||| 00| 0 eng d
010 _aLB1727 .C58 2003
245 _aInternational perspectives on education for democracy in the preparation of teachers
942 _2ddc
999 _c3484
_d3484